| 000 | 01041nam a22003137a 4500 | ||
|---|---|---|---|
| 003 | CHAP | ||
| 005 | 20220329141644.0 | ||
| 008 | 971013s1993 r 00010 d | ||
| 010 | _a71721 | ||
| 011 | _a72693 | ||
| 035 | _a82249 | ||
| 040 | _cCHAP | ||
| 082 |
_a001.6424 _bA6 |
||
| 100 | 0 | 0 |
_aApt, Krzysztof R. _eed. _96377 |
| 245 |
_aLogic programming languages _b: constraints, functions, and objects |
||
| 260 |
_aCambridge, Mass. : _bMassachusetts Institute of Technology, _c1993 |
||
| 300 | _a204 p. | ||
| 590 |
_aBATCH-UPD _b10 _c20130110 _lUCH01 _h0326 |
||
| 590 |
_aBATCH-UPD _b10 _c20130110 _lUCH01 _h1936 |
||
| 590 |
_aBATCH-UPD _b10 _c20130409 _lUCH01 _h2359 |
||
| 590 |
_aBATCH-UPD _b10 _c20130914 _lUCH01 _h0525 |
||
| 590 |
_aCONVERSION _b10 _c20130109 _lUCH01 _h1339 |
||
| 650 | 1 | 4 |
_aLenguajes de programación. _965989 |
| 700 | 0 |
_aBakker, J. W. de. _99583 |
|
| 700 | 0 |
_aRutten, J. J. M. M. _9100997 |
|
| 901 | _aBK | ||
| 942 | _cLIBRO | ||
| 949 |
_a001.6424 A6 _bBC _cLIBRO _d33724000292900 _eLIBRO _gI.169853 _h85339 _i82249 _si _t135.77 |
||
| 999 |
_c71721 _d71721 |
||